000
00303pam a2200121a 44500
008
230405s2004 xxu||||| |||| 00| 0 eng d
041
_a
ENG
100
_a
Aroroa D R
245
_a
Textbook of Microbology
260
_a
new delhi
_b
C.B.S Publishers & Distributers
_c
2004
300
_a
686
906
_a
8781
999
_c
299280
_d
299280